00305nam a2200121Ia 4500008004100000041000800041082001600049100001300065245003500078260003700113300002600150365000700176240624s9999 xx 000 0 und d aeng a658.404 KEM aKEMP SID aPROJECT MANAGEMENT DEMYSTIFIED c2004aNew DelhibTata McGrawhill axii, : 340 : cm. ; 24 cRS